Invierno y verano /
¿Por qué la temperatura de nuestro planeta es diferente en invierno y en verano? ¿Cuáles son las razones de esta variación?
Guardado en:
| Autor Corporativo: | |
|---|---|
| Formato: | |
| Publicado: |
Argentina,
2013.
|
| Series: | Ciencia En Todas Partes, Física
|
| Materias: | |
| Acceso en línea: | https://www.educ.ar/recursos/122117/invierno-y-verano |
| Etiquetas: |
Agregar Etiqueta
Sin Etiquetas, Sea el primero en etiquetar este registro!
|
| LEADER | 01012ngm a22003015g 4500 | ||
|---|---|---|---|
| 001 | CEM.cems024097 | ||
| 008 | 130507s2013##################0###0#####d | ||
| 005 | 20250819141812.0 | ||
| 245 | 0 | 0 | |a Invierno y verano / |c Canal Encuentro. |
| 260 | |a Argentina, |c 2013. | ||
| 300 | |a 5'. | ||
| 490 | 0 | |a Ciencia En Todas Partes, Física | |
| 538 | |a Soporte: DVD - Grabación DRD | ||
| 520 | |a ¿Por qué la temperatura de nuestro planeta es diferente en invierno y en verano? ¿Cuáles son las razones de esta variación? | ||
| 500 | |a Consultar en ventanilla. | ||
| 110 | 2 | |a Canal Encuentro. | |
| 082 | 5 | 3 | |/ ENC |
| 653 | |a SERIE DE TELEVISIÓN | ||
| 653 | |a CORTO | ||
| 653 | |a FÍSICA | ||
| 653 | |a CIENCIA | ||
| 653 | |a VARIACIÓN DE TEMPERATURA | ||
| 653 | |a TEMPERATURA | ||
| 653 | |a ROTACIÓN TERRESTRE | ||
| 653 | |a INCLINACIÓN TERRESTRE | ||
| 653 | |a RAYOS | ||
| 856 | |u https://www.educ.ar/recursos/122117/invierno-y-verano | ||
| 859 | |a CEMS |b BIB. CEMS - Depto. Recursos Didacticos |h 530 |i ENC |k DRD |p 2740.19 |t Ej.1 | ||
